[Event "Montcalm 4 2006-07"]
[Site "Quebec CAN"]
[Date "2007.02.01"]
[Round "4"]
[White "Lessard, Claude"]
[Black "Caron, Sebastien"]
[Result "1-0"]
[WhiteElo "1989"]
[BlackElo "1879"]
[PlyCount "71"]
[GameId "2160767910735189"]
[EventDate "2007.01.11"]
[EventType "tourn"]
[EventRounds "5"]
[EventCountry "CAN"]
[SourceTitle "EXT 2008"]
[Source "ChessBase"]
[SourceDate "2007.11.25"]
[SourceVersion "1"]
[SourceVersionDate "2007.11.25"]
[SourceQuality "1"]

1. d4 Nf6 2. c4 g6 3. Nc3 Bg7 4. e4 d6 5. f3 O-O 6. Be3 e5 7. d5 c6 8. Qd2 cxd5 9. cxd5 Nh5 10. O-O-O Na6 11. Bd3 Bd7 12. Nge2 Rc8 13. Kb1 Nc5 14. g4 Nf4 15. Bc2 Qa5 16. Nxf4 exf4 17. Bxf4 Na6 18. Ne2 Rxc2 19. Qxc2 Nb4 20. Qb3 Ba4 21. Qa3 Bc2+ 22. Kc1 Ba4 23. Nc3 Rc8 24. e5 dxe5 25. Be3 e4 26. Bd4 Bf8 27. Kd2 Nc2 28. Qxa4 Bh6+ 29. Ke2 exf3+ 30. Kf2 Qxa4 31. Nxa4 Rc4 32. b3 Rxd4 33. Rxd4 Be3+ 34. Kxf3 Bxd4 35. Rc1 Ne3 36. Ke4 1-0

[Event "Montcalm 4 2006-07"]
[Site "Quebec CAN"]
[Date "2007.02.01"]
[Round "4"]
[White "Perreault, Jacquelin"]
[Black "Dumont, Eric"]
[Result "1-0"]
[WhiteElo "1825"]
[BlackElo "1667"]
[PlyCount "105"]
[GameId "2160767910735190"]
[EventDate "2007.01.11"]
[EventType "tourn"]
[EventRounds "5"]
[EventCountry "CAN"]
[SourceTitle "EXT 2008"]
[Source "ChessBase"]
[SourceDate "2007.11.25"]
[SourceVersion "1"]
[SourceVersionDate "2007.11.25"]
[SourceQuality "1"]

1. e4 d5 2. exd5 Nf6 3. d4 Nxd5 4. c4 Nb6 5. Nf3 Bg4 6. Be2 Bxf3 7. Bxf3 c6 8. b3 g6 9. Bb2 Bg7 10. O-O O-O 11. Qd2 a5 12. Rd1 a4 13. d5 Bxb2 14. Qxb2 cxd5 15. Bxd5 Nxd5 16. Rxd5 Qb6 17. Nc3 axb3 18. Rb5 Qe6 19. axb3 Rd8 20. Nd5 Rd7 21. Kf1 Ra6 22. Re1 Qd6 23. g3 Nc6 24. Ne3 Qd3+ 25. Kg1 Nd4 26. Rd1 Ne2+ 27. Kf1 Nxg3+ 28. Kg2 Qe4+ 29. Kxg3 Rxd1 30. Nxd1 Rf6 31. h3 Qf3+ 32. Kh2 Qxd1 33. Rxb7 Qd6+ 34. Kg1 Rf5 35. Rb5 e5 36. Rd5 Qf6 37. Rd3 Qh4 38. Rg3 Qe4 39. Kh2 h5 40. Kg1 Qe1+ 41. Kg2 h4 42. Rg4 Qd1 43. Qc3 Qe2 44. Qe3 Qxe3 45. fxe3 Rf6 46. c5 Rc6 47. b4 f5 48. Rc4 g5 49. b5 Rc8 50. c6 Kf7 51. b6 Ke7 52. b7 Rb8 53. c7 1-0

[Event "Montcalm 4 2006-07"]
[Site "Quebec CAN"]
[Date "2007.02.01"]
[Round "4"]
[White "Plante, Rejean"]
[Black "Auger, Bertrand"]
[Result "0-1"]
[WhiteElo "2152"]
[BlackElo "1970"]
[PlyCount "60"]
[GameId "2160767910735191"]
[EventDate "2007.01.11"]
[EventType "tourn"]
[EventRounds "5"]
[EventCountry "CAN"]
[SourceTitle "EXT 2008"]
[Source "ChessBase"]
[SourceDate "2007.11.25"]
[SourceVersion "1"]
[SourceVersionDate "2007.11.25"]
[SourceQuality "1"]

1. d4 e6 2. c4 Nf6 3. Nf3 b6 4. g3 Bb7 5. Bg2 Be7 6. Nc3 Ne4 7. Qc2 Nxc3 8. Qxc3 O-O 9. O-O Be4 10. b3 a5 11. Bb2 f5 12. Rad1 Qe8 13. Qc1 a4 14. d5 axb3 15. axb3 Ra2 16. dxe6 dxe6 17. Ne5 Bxg2 18. Kxg2 Bf6 19. Qb1 Ra5 20. Nf3 Bxb2 21. Qxb2 Nc6 22. b4 Ra4 23. b5 Na5 24. Ne5 Nxc4 25. Qb3 Qa8+ 26. Nf3 Kh8 27. Rd4 g5 28. Kg1 g4 29. Ng5 Ra1 30. Qxc4 Rxf1+ 0-1

[Event "Montcalm 4 2006-07"]
[Site "Quebec CAN"]
[Date "2007.02.01"]
[Round "4"]
[White "Sarra-Bournet, Marc"]
[Black "Monga, Alain"]
[Result "0-1"]
[WhiteElo "1759"]
[BlackElo "1668"]
[PlyCount "78"]
[GameId "2160767910735192"]
[EventDate "2007.01.11"]
[EventType "tourn"]
[EventRounds "5"]
[EventCountry "CAN"]
[SourceTitle "EXT 2008"]
[Source "ChessBase"]
[SourceDate "2007.11.25"]
[SourceVersion "1"]
[SourceVersionDate "2007.11.25"]
[SourceQuality "1"]

1. e4 c5 2. Nc3 Nc6 3. f4 e6 4. Nf3 Nf6 5. e5 Nd5 6. Nxd5 exd5 7. c3 d6 8. d4 dxe5 9. fxe5 cxd4 10. cxd4 Bb4+ 11. Kf2 O-O 12. Bd3 Qb6 13. Be3 Bg4 14. Bxh7+ Kh8 15. Bc2 Bh5 16. Rf1 Rae8 17. a3 Nxe5 18. dxe5 Bc5 19. Bd4 Bxf3 20. Kxf3 Bxd4 21. Qd3 g6 22. Rfe1 Bxe5 23. g3 Bxb2 24. Rad1 Rxe1 25. Rxe1 Rc8 26. Kg2 Qc6 27. Bd1 d4+ 28. Kg1 Qc3 29. Qf1 Kg7 30. Re7 Rf8 31. a4 Qb4 32. Rd7 Bc1 33. Qf3 Qe1+ 34. Kg2 Be3 35. Bb3 Qg1+ 36. Kh3 Rh8+ 37. Kg4 Rh4+ 38. Kxh4 Qxh2+ 39. Kg4 Qh5# 0-1

[Event "Montcalm 4 2006-07"]
[Site "Quebec CAN"]
[Date "2007.02.08"]
[Round "5"]
[White "Auger, Bertrand"]
[Black "Lessard, Claude"]
[Result "1-0"]
[WhiteElo "1970"]
[BlackElo "1989"]
[PlyCount "87"]
[GameId "2160767910735193"]
[EventDate "2007.01.11"]
[EventType "tourn"]
[EventRounds "5"]
[EventCountry "CAN"]
[SourceTitle "EXT 2008"]
[Source "ChessBase"]
[SourceDate "2007.11.25"]
[SourceVersion "1"]
[SourceVersionDate "2007.11.25"]
[SourceQuality "1"]

1. Nf3 d5 2. g3 c5 3. Bg2 Nc6 4. d4 cxd4 5. Nxd4 e5 6. Nxc6 bxc6 7. c4 Bb4+ 8. Bd2 Bxd2+ 9. Qxd2 Ne7 10. cxd5 cxd5 11. Nc3 Be6 12. O-O Rb8 13. Rfd1 d4 14. Qg5 Qc7 15. Ne4 Ng6 16. Rac1 Qb6 17. Rc6 Qxc6 18. Nf6+ gxf6 19. Bxc6+ Ke7 20. Qd2 Rhc8 21. Qa5 Kf8 22. Qxa7 Ne7 23. Bb7 Rd8 24. Rc1 Nd5 25. Rc5 Nb4 26. a3 d3 27. exd3 Nxd3 28. Rc7 Nxb2 29. Bf3 Nd3 30. h4 Rb1+ 31. Kh2 Rb2 32. Bh5 Rxf2+ 33. Kg1 Kg7 34. Bxf7 Bxf7 35. Rxf7+ Kg6 36. Rg7+ Kf5 37. Rd7 Rxd7 38. Qxd7+ Ke4 39. Qxh7+ Ke3 40. h5 Rd2 41. Qh6+ Ke2 42. Qxf6 e4 43. h6 e3 44. Qf1# 1-0

[Event "Montcalm 4 2006-07"]
[Site "Quebec CAN"]
[Date "2007.02.08"]
[Round "5"]
[White "Caron, Sebastien"]
[Black "Audet-Bouchard, Nicolas"]
[Result "0-1"]
[WhiteElo "1879"]
[BlackElo "2178"]
[PlyCount "84"]
[GameId "2160767910735194"]
[EventDate "2007.01.11"]
[EventType "tourn"]
[EventRounds "5"]
[EventCountry "CAN"]
[SourceTitle "EXT 2008"]
[Source "ChessBase"]
[SourceDate "2007.11.25"]
[SourceVersion "1"]
[SourceVersionDate "2007.11.25"]
[SourceQuality "1"]

1. e4 c5 2. Nf3 Nc6 3. d4 cxd4 4. Nxd4 Nf6 5. Nc3 d6 6. Be2 g6 7. Be3 Bg7 8. Qd2 Ng4 9. Bxg4 Bxg4 10. f3 Be6 11. Nxc6 bxc6 12. Bd4 O-O 13. Bxg7 Kxg7 14. g4 Qb6 15. b3 f6 16. Na4 Qb5 17. Rd1 d5 18. exd5 cxd5 19. Qe2 Qxe2+ 20. Kxe2 Rac8 21. Rd2 Bd7 22. Nb2 Bb5+ 23. Kf2 d4 24. a4 Ba6 25. b4 e5 26. Nd3 Bxd3 27. cxd3 Rc3 28. Ra1 Rb3 29. b5 Rc8 30. Raa2 Rcc3 31. Ke2 Kf7 32. Rac2 Ke6 33. Rxc3 dxc3 34. Rc2 Kd5 35. Ke3 f5 36. gxf5 gxf5 37. f4 exf4+ 38. Kxf4 Kd4 39. Kxf5 Kxd3 40. Rg2 c2 41. Rg3+ Kc4 42. Rg7 Kb4 0-1

[Event "Montcalm 4 2006-07"]
[Site "Quebec CAN"]
[Date "2007.02.08"]
[Round "5"]
[White "Fortier, Bertrand"]
[Black "Perreault, Jacquelin"]
[Result "0-1"]
[WhiteElo "1662"]
[BlackElo "1825"]
[PlyCount "82"]
[GameId "2160767910735195"]
[EventDate "2007.01.11"]
[EventType "tourn"]
[EventRounds "5"]
[EventCountry "CAN"]
[SourceTitle "EXT 2008"]
[Source "ChessBase"]
[SourceDate "2007.11.25"]
[SourceVersion "1"]
[SourceVersionDate "2007.11.25"]
[SourceQuality "1"]

1. Nf3 Nf6 2. d4 e6 3. g3 b6 4. Bg2 Bb7 5. O-O d5 6. c3 Bd6 7. Re1 O-O 8. Nbd2 Nbd7 9. e4 dxe4 10. Ng5 Qc8 11. Ngxe4 Be7 12. Qe2 c5 13. Nxf6+ Nxf6 14. dxc5 Bxg2 15. Kxg2 Bxc5 16. Ne4 Qc6 17. f3 Nxe4 18. Qxe4 Qxe4 19. Rxe4 Rfd8 20. Bf4 Rd3 21. Rae1 Rad8 22. h4 h5 23. g4 hxg4 24. fxg4 Bd6 25. Bxd6 R8xd6 26. g5 Rd2+ 27. R1e2 g6 28. Kf2 Kf8 29. Rxd2 Rxd2+ 30. Re2 Rxe2+ 31. Kxe2 Ke7 32. Ke3 Kd6 33. Ke4 Kc5 34. b3 b5 35. a3 Kd6 36. Kd4 a6 37. b4 e5+ 38. Ke3 Kd5 39. Kd3 e4+ 40. Ke3 Ke5 41. Ke2 Kf4 0-1

[Event "Montcalm 4 2006-07"]
[Site "Quebec CAN"]
[Date "2007.02.08"]
[Round "5"]
[White "Monga, Alain"]
[Black "Cummins, Paul"]
[Result "0-1"]
[WhiteElo "1668"]
[BlackElo "1673"]
[PlyCount "112"]
[GameId "2160767910735196"]
[EventDate "2007.01.11"]
[EventType "tourn"]
[EventRounds "5"]
[EventCountry "CAN"]
[SourceTitle "EXT 2008"]
[Source "ChessBase"]
[SourceDate "2007.11.25"]
[SourceVersion "1"]
[SourceVersionDate "2007.11.25"]
[SourceQuality "1"]

1. e4 c5 2. Nf3 d6 3. d4 cxd4 4. Nxd4 Nf6 5. Nc3 g6 6. Be3 Bg7 7. f3 Nc6 8. Qd2 O-O 9. Bc4 Bd7 10. h4 Ne5 11. Bb3 Qa5 12. h5 Nxh5 13. g4 Nf6 14. Bh6 Bxh6 15. Qxh6 Rfc8 16. O-O-O Rxc3 17. bxc3 Qxc3 18. Kb1 Nc4 19. Bxc4 Qxc4 20. Nb3 Rc8 21. Rh2 Be6 22. Qd2 b6 23. Qd4 Qc6 24. Nc1 a5 25. Nd3 b5 26. Nf4 b4 27. g5 Nh5 28. Nxh5 gxh5 29. Rdd2 Qa4 30. Qb2 Qb5 31. Rdf2 Rc3 32. Rxh5 Re3 33. Rh1 Re2 34. a4 Qc4 35. Rff1 Rh2 36. Rhg1 Bh3 37. Rd1 Rf2 38. e5 Bf5 39. Rc1 b3 40. Rg4 bxc2+ 41. Ka1 Bxg4 42. fxg4 Qxa4+ 43. Qa2 Qd4+ 44. Qb2 Qxb2+ 45. Kxb2 dxe5 46. Re1 f6 47. gxf6 exf6 48. g5 Kg7 49. gxf6+ Kxf6 50. Rh1 e4 51. Rxh7 e3 52. Rh6+ Kg5 53. Re6 e2 54. Re8 Kg4 55. Rg8+ Kf3 56. Rf8+ Kg2 0-1

[Event "Montcalm 4 2006-07"]
[Site "Quebec CAN"]
[Date "2007.02.08"]
[Round "5"]
[White "Sauve, Richard"]
[Black "Plante, Rejean"]
[Result "0-1"]
[WhiteElo "2039"]
[BlackElo "2152"]
[PlyCount "56"]
[GameId "2160767910735197"]
[EventDate "2007.01.11"]
[EventType "tourn"]
[EventRounds "5"]
[EventCountry "CAN"]
[SourceTitle "EXT 2008"]
[Source "ChessBase"]
[SourceDate "2007.11.25"]
[SourceVersion "1"]
[SourceVersionDate "2007.11.25"]
[SourceQuality "1"]

1. d4 f5 2. g3 d5 3. Bg2 e6 4. Nf3 Nf6 5. c4 c6 6. O-O Bd6 7. Bf4 O-O 8. Bxd6 Qxd6 9. Qc2 Nbd7 10. e3 Ne4 11. Nc3 Qb4 12. c5 Qa5 13. Rab1 Qc7 14. b4 e5 15. b5 Nxc3 16. Qxc3 e4 17. Nd2 Nf6 18. Rb2 g5 19. Rfb1 f4 20. bxc6 bxc6 21. Bf1 Ng4 22. Nb3 f3 23. Na5 h5 24. Nb7 h4 25. Nd6 hxg3 26. fxg3 f2+ 27. Kg2 Qh7 28. h3 Nxe3+ 0-1

[Event "Montcalm 5 2006-07"]
[Site "Quebec CAN"]
[Date "2007.02.15"]
[Round "1"]
[White "Boulianne, Gabriel"]
[Black "Caron, Sebastien"]
[Result "0-1"]
[WhiteElo "1498"]
[BlackElo "1871"]
[PlyCount "58"]
[GameId "2160767910718393"]
[EventDate "2007.02.15"]
[EventType "swiss"]
[EventRounds "5"]
[EventCountry "CAN"]
[SourceTitle "EXT 2022"]
[Source "ChessBase"]
[SourceDate "2021.10.06"]
[SourceVersion "1"]
[SourceVersionDate "2021.10.06"]
[SourceQuality "1"]

1. d4 Nf6 2. c4 g6 3. Nc3 Bg7 4. e4 d6 5. f3 O-O 6. Be3 e5 7. dxe5 dxe5 8. Qxd8 Rxd8 9. Bg5 c6 10. f4 exf4 11. Nge2 h6 12. Bxf4 Na6 13. Bd2 Nb4 14. Kd1 Nd3 15. Kc2 Nf2 16. Rg1 N6xe4 17. Nxe4 Nxe4 18. Be1 Nc5 19. Ng3 Bg4 20. h3 Be6 21. Bc3 Bd4 22. Bxd4 Rxd4 23. Rd1 Rxd1 24. Kxd1 Rd8+ 25. Kc2 Rd4 26. Kc3 Rf4 27. Be2 Kf8 28. Rd1 Ke7 29. Rd4 Na4+ 0-1

[Event "Montcalm 5 2006-07"]
[Site "Quebec CAN"]
[Date "2007.02.15"]
[Round "1"]
[White "Cournoyer, Dominic"]
[Black "Oliver, Vance"]
[Result "1-0"]
[WhiteElo "1839"]
[BlackElo "1443"]
[PlyCount "86"]
[GameId "2160767910718394"]
[EventDate "2007.02.15"]
[EventType "swiss"]
[EventRounds "5"]
[EventCountry "CAN"]
[SourceTitle "EXT 2022"]
[Source "ChessBase"]
[SourceDate "2021.10.06"]
[SourceVersion "1"]
[SourceVersionDate "2021.10.06"]
[SourceQuality "1"]

1. c4 Nf6 2. Nc3 d6 3. Nf3 g6 4. g3 Bg7 5. Bg2 Nc6 6. O-O O-O 7. Rb1 e5 8. b4 Rb8 9. d3 Bd7 10. a3 Re8 11. Nd2 Ne7 12. b5 c6 13. a4 d5 14. Bb2 Qc8 15. Re1 Bh3 16. Bf3 Qc7 17. Rc1 Qb6 18. Nb3 a5 19. cxd5 cxd5 20. e3 Rbd8 21. Qc2 Ng4 22. Na2 Nf5 23. Qe2 Ngxe3 24. fxe3 Bh6 25. Kh1 Bxe3 26. Rc2 Nd4 27. Qxe3 Nxc2 28. Qxb6 Nxe1 29. Bd1 Nxd3 30. Ba1 d4 31. Kg1 Kg7 32. Nc5 Nxc5 33. Qxc5 Re6 34. Nc1 Rde8 35. Nd3 Rf6 36. Nf2 Bf5 37. g4 Bd7 38. Bxd4 exd4 39. Qxd4 h6 40. Ne4 Rxe4 41. Qxe4 Be6 42. Kg2 g5 43. Qxb7 Rf4 1-0

[Event "Montcalm 5 2006-07"]
[Site "Quebec CAN"]
[Date "2007.02.15"]
[Round "1"]
[White "Dumont, Eric"]
[Black "Champetier, Serge"]
[Result "1/2-1/2"]
[WhiteElo "1630"]
[BlackElo "2096"]
[PlyCount "70"]
[GameId "2160767910718395"]
[EventDate "2007.02.15"]
[EventType "swiss"]
[EventRounds "5"]
[EventCountry "CAN"]
[SourceTitle "EXT 2022"]
[Source "ChessBase"]
[SourceDate "2021.10.06"]
[SourceVersion "1"]
[SourceVersionDate "2021.10.06"]
[SourceQuality "1"]

1. f4 Nf6 2. Nf3 d5 3. b3 c5 4. Bb2 Nc6 5. e3 e6 6. Nc3 a6 7. a3 Bd6 8. Bd3 e5 9. fxe5 Nxe5 10. Be2 Qc7 11. O-O Nxf3+ 12. Bxf3 Bxh2+ 13. Kh1 Be6 14. Nxd5 Nxd5 15. Bxd5 Bxd5 16. Qh5 O-O-O 17. Qxh2 Qc6 18. Rf2 Rd6 19. Qh3+ Be6 20. Qf3 Qxf3 21. gxf3 Rhd8 22. Bc3 g6 23. Rg1 b5 24. Rgg2 Kb7 25. d4 cxd4 26. Bxd4 Bd5 27. Kg1 Rc8 28. b4 Be6 29. Rh2 h5 30. Rd2 Rc4 31. c3 a5 32. Rhf2 axb4 33. axb4 Ra6 34. Kh2 Rcc6 35. Be5 Rc4 1/2-1/2

[Event "Montcalm 5 2006-07"]
[Site "Quebec CAN"]
[Date "2007.02.15"]
[Round "1"]
[White "Lapierre, Gaetan"]
[Black "Lim, Chin1"]
[Result "1-0"]
[WhiteElo "1947"]
[BlackElo "1594"]
[PlyCount "65"]
[GameId "2160767910718396"]
[EventDate "2007.02.15"]
[EventType "swiss"]
[EventRounds "5"]
[EventCountry "CAN"]
[SourceTitle "EXT 2022"]
[Source "ChessBase"]
[SourceDate "2021.10.06"]
[SourceVersion "1"]
[SourceVersionDate "2021.10.06"]
[SourceQuality "1"]

1. e4 e6 2. d3 d5 3. Nd2 Nf6 4. Ngf3 Bc5 5. e5 Ng4 6. d4 Bb6 7. h3 Nh6 8. c3 c5 9. Nb3 Nf5 10. dxc5 Bc7 11. Nbd4 Nc6 12. Nxc6 bxc6 13. Nd4 Bxe5 14. Nxc6 Qc7 15. Nxe5 Qxe5+ 16. Qe2 Qc7 17. g4 Ne7 18. Be3 Rb8 19. b4 Bd7 20. a4 Nc8 21. Bd4 f6 22. Bg2 O-O 23. O-O Ne7 24. b5 f5 25. c6 Nxc6 26. bxc6 Qxc6 27. Qe5 Kf7 28. gxf5 Rg8 29. fxe6+ Bxe6 30. c4 Qd7 31. cxd5 Bxh3 32. Qh5+ Ke7 33. Bxh3 1-0

[Event "Montcalm 5 2006-07"]
[Site "Quebec CAN"]
[Date "2007.02.15"]
[Round "1"]
[White "Pelletier, Sophie"]
[Black "Bourassa, Andre"]
[Result "1-0"]
[WhiteElo "1024"]
[BlackElo "1747"]
[PlyCount "85"]
[GameId "2160767910718397"]
[EventDate "2007.02.15"]
[EventType "swiss"]
[EventRounds "5"]
[EventCountry "CAN"]
[SourceTitle "EXT 2022"]
[Source "ChessBase"]
[SourceDate "2021.10.06"]
[SourceVersion "1"]
[SourceVersionDate "2021.10.06"]
[SourceQuality "1"]

1. d4 d5 2. Nf3 c6 3. c4 e6 4. Nc3 Bd6 5. Bg5 Nf6 6. e3 h6 7. Bxf6 Qxf6 8. Be2 dxc4 9. Ne4 Bb4+ 10. Nfd2 Qg6 11. O-O b5 12. Bh5 Qh7 13. Qg4 Be7 14. Qg3 Na6 15. Nd6+ Bxd6 16. Qxd6 Nb8 17. Bf3 Bd7 18. Ne4 Qg8 19. Nc5 Qf8 20. Qc7 Qe7 21. Qb7 O-O 22. Qxa8 Na6 23. Qxa7 Nxc5 24. dxc5 f5 25. Bxc6 Rf7 26. Qb8+ Rf8 27. Qxb5 Bxc6 28. Qxc6 Qf6 29. a4 Rb8 30. a5 Rxb2 31. a6 c3 32. a7 c2 33. a8=Q+ Kh7 34. Rac1 Qc3 35. Qxe6 Qf6 36. Qxf6 gxf6 37. Qa7+ Kg6 38. c6 f4 39. Qd4 Ra2 40. Qxf4 Ra8 41. Qe4+ Kf7 42. Qxc2 Kg7 43. c7 1-0

[Event "Montcalm 5 2006-07"]
[Site "Quebec CAN"]
[Date "2007.02.15"]
[Round "1"]
[White "Sauve, Richard"]
[Black "Hebert, Andre jr"]
[Result "1-0"]
[WhiteElo "2022"]
[BlackElo "1596"]
[PlyCount "50"]
[GameId "2160767910718398"]
[EventDate "2007.02.15"]
[EventType "swiss"]
[EventRounds "5"]
[EventCountry "CAN"]
[SourceTitle "EXT 2022"]
[Source "ChessBase"]
[SourceDate "2021.10.06"]
[SourceVersion "1"]
[SourceVersionDate "2021.10.06"]
[SourceQuality "1"]

1. d4 f5 2. c4 Nf6 3. Nc3 e6 4. Nf3 b6 5. Bf4 Bb7 6. e3 Bb4 7. Qc2 Be4 8. Bd3 Nc6 9. a3 Bxc3+ 10. Qxc3 Bxd3 11. Qxd3 Ne4 12. O-O g5 13. Bg3 Nxg3 14. hxg3 Qf6 15. e4 fxe4 16. Qxe4 O-O-O 17. d5 exd5 18. cxd5 Rde8 19. Qa4 Na5 20. b4 Re4 21. Qc2 Rc4 22. Qe2 Nb3 23. Qxc4 Nxa1 24. Rc1 c6 25. dxc6 d6 1-0

[Event "Montcalm 5 2006-07"]
[Site "Quebec CAN"]
[Date "2007.02.22"]
[Round "2"]
[White "Auger, Bertrand"]
[Black "Chiffot, Nicolas"]
[Result "1-0"]
[WhiteElo "1987"]
[BlackElo "1804"]
[PlyCount "41"]
[GameId "2160767910718399"]
[EventDate "2007.02.15"]
[EventType "swiss"]
[EventRounds "5"]
[EventCountry "CAN"]
[SourceTitle "EXT 2022"]
[Source "ChessBase"]
[SourceDate "2021.10.06"]
[SourceVersion "1"]
[SourceVersionDate "2021.10.06"]
[SourceQuality "1"]

1. Nf3 e6 2. g3 b6 3. Bg2 Bb7 4. O-O f5 5. d4 Nf6 6. c4 d6 7. Nc3 Nbd7 8. d5 e5 9. Ng5 a6 10. Ne6 Qc8 11. e4 g6 12. f4 exf4 13. gxf4 fxe4 14. Qe2 Nc5 15. Nxc5 dxc5 16. Nxe4 Nxe4 17. Qxe4+ Be7 18. f5 gxf5 19. Rxf5 Qd7 20. Bg5 Kd8 21. Rf7 1-0

[Event "Montcalm 5 2006-07"]
[Site "Quebec CAN"]
[Date "2007.02.22"]
[Round "2"]
[White "Caron, Sebastien"]
[Black "Cummins, Paul"]
[Result "1-0"]
[WhiteElo "1871"]
[BlackElo "1729"]
[PlyCount "123"]
[GameId "2160767910718400"]
[EventDate "2007.02.15"]
[EventType "swiss"]
[EventRounds "5"]
[EventCountry "CAN"]
[SourceTitle "EXT 2022"]
[Source "ChessBase"]
[SourceDate "2021.10.06"]
[SourceVersion "1"]
[SourceVersionDate "2021.10.06"]
[SourceQuality "1"]

1. e4 c5 2. Nf3 d6 3. d4 cxd4 4. Nxd4 Nf6 5. Nc3 g6 6. f3 Bg7 7. Be3 O-O 8. Qd2 Nc6 9. O-O-O Nxd4 10. Bxd4 Be6 11. h4 Rc8 12. Kb1 Qa5 13. Nd5 Qd8 14. Nxf6+ exf6 15. g4 d5 16. Bd3 dxe4 17. Bxe4 Rc4 18. Be3 Qc7 19. b3 Rxe4 20. fxe4 Bxg4 21. Qd6 Qc8 22. Rd4 Re8 23. Bf4 Bf3 24. Re1 f5 25. e5 Bf8 26. Qd7 Qxd7 27. Rxd7 Bc6 28. Rdd1 Bc5 29. Bg5 Bf2 30. Rf1 Bb6 31. Bf6 h5 32. b4 Bc7 33. Rfe1 a5 34. a3 axb4 35. axb4 Bb6 36. c4 Bf3 37. Rd2 Rc8 38. c5 Bc7 39. e6 fxe6 40. Rd7 Be4+ 41. Kb2 b6 42. Rc1 Bf4 43. Rg1 Rc7 44. Rxg6+ Kf8 45. Bg7+ Ke8 46. Rxc7 Bxc7 47. Rxe6+ Kf7 48. cxb6 Kxe6 49. bxc7 Bb7 50. Bh6 Kd5 51. Kc3 Kc6 52. Bf4 Kb5 53. Kd4 Kxb4 54. Ke5 Kb5 55. Kd6 Bc8 56. Ke7 Kc6 57. Kf6 Kd7 58. Kg5 Ke7 59. Kxh5 Kf7 60. Kg5 Kg7 61. h5 Kh7 62. Kf6 1-0

[Event "Montcalm 5 2006-07"]
[Site "Quebec CAN"]
[Date "2007.02.22"]
[Round "2"]
[White "Cournoyer, Dominic"]
[Black "Sauve, Richard"]
[Result "1/2-1/2"]
[WhiteElo "1839"]
[BlackElo "2022"]
[PlyCount "112"]
[GameId "2160767910718401"]
[EventDate "2007.02.15"]
[EventType "swiss"]
[EventRounds "5"]
[EventCountry "CAN"]
[SourceTitle "EXT 2022"]
[Source "ChessBase"]
[SourceDate "2021.10.06"]
[SourceVersion "1"]
[SourceVersionDate "2021.10.06"]
[SourceQuality "1"]

1. c4 e6 2. Nf3 d5 3. b3 Nf6 4. Bb2 c5 5. g3 Be7 6. Bg2 O-O 7. O-O Nc6 8. Na3 Re8 9. d4 cxd4 10. Nxd4 Qa5 11. Nxc6 bxc6 12. Nc2 Bb7 13. cxd5 cxd5 14. a3 Rac8 15. b4 Qa4 16. Ne3 Qxd1 17. Rfxd1 Nd7 18. Rac1 Nb6 19. Kf1 Na4 20. Bd4 a6 21. f4 Bf6 22. Bxf6 gxf6 23. Bf3 Nc3 24. Rd2 Nb5 25. Ra1 Rc3 26. Ng4 Kg7 27. a4 Nd6 28. Rd3 Rec8 29. Rxc3 Rxc3 30. Nf2 Nc4 31. Ke1 e5 32. fxe5 fxe5 33. Rb1 e4 34. Bg4 Nd6 35. Bd7 Kf6 36. b5 axb5 37. Bxb5 Bc6 38. Kd2 d4 39. Nd1 Rc5 40. Bxc6 Rxc6 41. Ra1 Ke5 42. a5 Nc4+ 43. Ke1 Ra6 44. Ra4 Kd5 45. e3 Rxa5 46. Rxa5+ Nxa5 47. exd4 Kxd4 48. Ke2 Nc4 49. Nf2 f5 50. Nh3 h6 51. Nf4 Nb2 52. Ne6+ Ke5 53. Nf4 Nc4 54. h3 Nb6 55. Ng6+ Kf6 56. Nf4 Nc4 1/2-1/2

[Event "Montcalm 5 2006-07"]
[Site "Quebec CAN"]
[Date "2007.03.01"]
[Round "3"]
[White "Bourassa, Andre"]
[Black "Daigle, Robert"]
[Result "1-0"]
[WhiteElo "2029"]
[BlackElo "1436"]
[PlyCount "77"]
[GameId "2160767910718402"]
[EventDate "2007.02.15"]
[EventType "swiss"]
[EventRounds "5"]
[EventCountry "CAN"]
[SourceTitle "EXT 2022"]
[Source "ChessBase"]
[SourceDate "2021.10.06"]
[SourceVersion "1"]
[SourceVersionDate "2021.10.06"]
[SourceQuality "1"]

1. d4 d5 2. c4 c6 3. Bf4 dxc4 4. Bxb8 Rxb8 5. e3 e6 6. Bxc4 Qa5+ 7. Nd2 Bb4 8. Ngf3 Nf6 9. O-O O-O 10. a3 Bd6 11. e4 e5 12. b4 Qc7 13. g3 b5 14. Be2 exd4 15. Nxd4 Re8 16. Rc1 Bb7 17. Nxb5 Qd7 18. Nxd6 Qxd6 19. Qc2 Rbd8 20. Nc4 Qe6 21. e5 Nd5 22. Nd6 Rxd6 23. exd6 Qxd6 24. Bf3 h6 25. Rfe1 Re6 26. Rxe6 Qxe6 27. Qd2 Qf6 28. Bg2 Qf5 29. Re1 Nf6 30. Qe3 g5 31. Qxa7 Ng4 32. Re8+ Kg7 33. Qd4+ Nf6 34. Be4 c5 35. Bxf5 cxd4 36. Rd8 Nd5 37. Be4 Nc3 38. Bxb7 Ne2+ 39. Kf1 1-0

[Event "Montcalm 5 2006-07"]
[Site "Quebec CAN"]
[Date "2007.03.01"]
[Round "3"]
[White "Caron, Sebastien"]
[Black "Audet-Bouchard, Nicolas"]
[Result "0-1"]
[WhiteElo "1871"]
[BlackElo "2242"]
[PlyCount "102"]
[GameId "2160767910718403"]
[EventDate "2007.02.15"]
[EventType "swiss"]
[EventRounds "5"]
[EventCountry "CAN"]
[SourceTitle "EXT 2022"]
[Source "ChessBase"]
[SourceDate "2021.10.06"]
[SourceVersion "1"]
[SourceVersionDate "2021.10.06"]
[SourceQuality "1"]

1. e4 c5 2. Nf3 Nc6 3. d4 cxd4 4. Nxd4 Nf6 5. Nc3 d6 6. Be3 Ng4 7. Qd2 Nxe3 8. Qxe3 g6 9. Nxc6 bxc6 10. e5 Qb6 11. Qxb6 axb6 12. exd6 exd6 13. Bd3 Bg7 14. Nd1 O-O 15. O-O Re8 16. c3 Bh6 17. a3 b5 18. f3 Ra7 19. Nf2 f5 20. Rfe1 Rae7 21. Rxe7 Rxe7 22. Kf1 Kf7 23. Re1 Be6 24. g3 Bb3 25. Rxe7+ Kxe7 26. f4 Bg7 27. Ke2 d5 28. Ke3 Kd6 29. h3 d4+ 30. cxd4 Kd5 31. Kd2 Bxd4 32. Nd1 Bxd1 33. Kxd1 Bxb2 34. g4 fxg4 35. hxg4 Bxa3 36. f5 gxf5 37. Bxf5 h6 38. Kc2 Kc4 39. Be6+ Kb4 40. Bd7 c5 41. Be6 c4 42. Bf5 Kc5 43. Be6 b4 44. Bf7 b3+ 45. Kc3 Bb4+ 46. Kb2 Bd2 47. Bg6 Kb4 48. Kb1 Be3 49. Bf7 Bb6 50. Kb2 c3+ 51. Kc1 Be3+ 0-1

[Event "Montcalm 5 2006-07"]
[Site "Quebec CAN"]
[Date "2007.03.01"]
[Round "3"]
[White "Champetier, Serge"]
[Black "Monga, Alain"]
[Result "1/2-1/2"]
[WhiteElo "2096"]
[BlackElo "1679"]
[PlyCount "45"]
[GameId "2160767910718404"]
[EventDate "2007.02.15"]
[EventType "swiss"]
[EventRounds "5"]
[EventCountry "CAN"]
[SourceTitle "EXT 2022"]
[Source "ChessBase"]
[SourceDate "2021.10.06"]
[SourceVersion "1"]
[SourceVersionDate "2021.10.06"]
[SourceQuality "1"]

1. e4 c5 2. Nf3 d6 3. d4 cxd4 4. Nxd4 Nf6 5. Nc3 a6 6. Be2 e5 7. Nb3 Be7 8. O-O O-O 9. a4 Be6 10. f4 exf4 11. Bxf4 d5 12. e5 Ne4 13. Qe1 Bb4 14. Bd3 Qc8 15. Qh4 Bxc3 16. bxc3 Qxc3 17. Rf3 Qc8 18. Raf1 Nc6 19. Bg3 Qd8 20. Qf4 Qg5 21. Bxe4 Qxf4 22. Bxh7+ Kxh7 23. Rxf4 1/2-1/2